| 000 -LEADER |
| fixed length control field |
01241nam a2200217Ia 4500 |
| 003 - CONTROL NUMBER IDENTIFIER |
| control field |
OSt |
| 005 - DATE AND TIME OF LATEST TRANSACTION |
| control field |
20241028133211.0 |
| 007 - PHYSICAL DESCRIPTION FIXED FIELD--GENERAL INFORMATION |
| fixed length control field |
ca aa aaaaa |
| 008 - FIXED-LENGTH DATA ELEMENTS--GENERAL INFORMATION |
| fixed length control field |
201103s9999 xx 000 0 und d |
| 040 ## - CATALOGING SOURCE |
| Transcribing agency |
SSBUL |
| 041 ## - LANGUAGE CODE |
| Language code of text/sound track or separate title |
bur |
| 082 ## - DEWEY DECIMAL CLASSIFICATION NUMBER |
| Edition number |
23 |
| Classification number |
၂၉၄.၃၄ တောင် |
| Item number |
၉၁၉၀ S-SAT |
| 100 0# - MAIN ENTRY--PERSONAL NAME |
| Personal name |
တောင်ပုလုတောရကမ္ဘာအေးဆရာတော်ဘုရားကြီး |
| 245 10 - TITLE STATEMENT |
| Title |
ကာယဂတာသတိပဋ္ဌာန်ကျင့်စဉ် (အင်္ဂလိပ်-မြန်မာ-နှစ်ဘာသာ) / |
| Statement of responsibility, etc. |
တောင်ပုလုတောရကမ္ဘာအေးဆရာတော်ဘုရားကြီး။ |
| 250 ## - EDITION STATEMENT |
| Edition statement |
ဒုတိယအကြိမ်။ |
| 260 ## - PUBLICATION, DISTRIBUTION, ETC. |
| Place of publication, distribution, etc. |
ရန်ကုန် ၊ |
| Name of publisher, distributor, etc. |
တောင်ပုလု ပဋိပတ္တိသာသနာနုဂ္ဂဟအဖွဲ့၊ |
| Date of publication, distribution, etc. |
၁၉၈၁။ |
| 300 ## - PHYSICAL DESCRIPTION |
| Extent |
[၅၆] စာမျက်နှာ၊ |
| Dimensions |
၁၈ စင်တီ။ |
| 500 ## - GENERAL NOTE |
| General note |
အင်္ဂလိပ်-မြန်မာနှစ်ဘာသာဖြင့်ရေးသားထားသည်။<br/>S-SAT: Dr Sai Aung Tun |
| 650 ## - SUBJECT ADDED ENTRY--TOPICAL TERM |
| Topical term or geographic name entry element |
သတိပဌာန် |
| 9 (RLIN) |
54919 |
| 942 ## - ADDED ENTRY ELEMENTS (KOHA) |
| Source of classification or shelving scheme |
|
| Koha item type |
Book (Short term) |